000
00308nam a22001337a 4500
008
170221b xxu||||| |||| 00| 0 eng d
020
_a
0205407846
041
_a
eng
080
_2
4 ED
_a
815
100
_a
5
101
_a
SHF
245
_a
DRUGS BEHAVIOR AND MODERN SOCIETY
_c
LEVINTHAL.CH.E
942
_2
udc
_c
BK
999
_c
5977
_d
5977